000 00515nam a22001937a 4500
005 20250102125044.0
010 _aB-761537
020 _a97893954715518
_c250.00
035 _aB-761537
037 _bGift
082 _aS
100 _aCharman, Katrina
_975705
245 _aThe Last Firehawk ;
_bThe Secret Maze/
_cKatrina Charman
250 _a1
260 _aNew York
_bScholastic
_c2022
300 _a92p.
_c20cm(pb)
942 _2ddc
_cEN
_mCHA
_hS
999 _c207974
_d207974